The Rise Of Silas Lapham (Record no. 20266)

MARC details
000 -LEADER
fixed length control field 00276nam a22001217a 4500
082 ## - DEWEY DECIMAL CLASSIFICATION NUMBER
Classification number 823 HOW
100 ## - MAIN ENTRY--AUTHOR NAME
Author name Howells, William Dean
245 ## - TITLE STATEMENT
Title The Rise Of Silas Lapham
260 ## - PUBLICATION, DISTRIBUTION, ETC. (IMPRINT)
Place of publication United State
Name of publisher Penguen
Year of publication 1971
300 ## - PHYSICAL DESCRIPTION
Number of Pages 368
650 ## - SUBJECT ADDED ENTRY--TOPICAL TERM
Topical Term English - Fiction
942 ## - ADDED ENTRY ELEMENTS (KOHA)
Koha item type Books
Holdings
Home library Current library Date acquired Source of acquisition Full call number Accession Number Koha item type
Henry Martyn Institute Library Henry Martyn Institute Library 02/17/2017 Dr Andreas D'Souza 823 HOW 11-2526 Books
                   Copyright © 2026 | Henry Martyn Institute | Hyderabad | TS-500052 | INDIA | Implemented by hmi.edu.in
Hit-Count:

Powered by Koha